[Event "OLOB 1920 Wiesbadener SV 1885 - FB Mör"]
[Site "?"]
[Date "2019.12.07"]
[Round "4.1"]
[White "Kunin, Vitaly"]
[Black "Baskin, Robert"]
[Result "1/2-1/2"]
[WhiteElo "2538"]
[BlackElo "2407"]
[PlyCount "190"]
[EventDate "2019.??.??"]

1. c4 f5 2. g3 Nf6 3. Bg2 g6 4. Nf3 Bg7 5. O-O O-O 6. Nc3 d6 7. d4 c6 8. b3 Na6
9. Bb2 Qc7 10. Rc1 e5 11. Nb5 Qe7 12. dxe5 dxe5 13. Ba3 Nb4 14. Qd6 Qxd6 15.
Nxd6 a5 16. Bb2 e4 17. Ng5 h6 18. Nxc8 hxg5 19. Nb6 Nxa2 20. Ra1 Ra6 21. Na4
Nb4 22. Nc5 Raa8 23. Ne6 Rf7 24. Rfd1 Ne8 25. Bxg7 Nxg7 26. Nxg5 Rf6 27. Rd7 b5
28. cxb5 cxb5 29. f3 Ne6 30. Rd6 Nc2 31. Ra2 Nb4 32. Ra1 Nc2 33. Ra2 Nb4 34.
Rb2 Ra6 35. Rxa6 Nxa6 36. Nxe6 Rxe6 37. fxe4 Nb4 38. exf5 gxf5 39. Kf2 Rb6 40.
Bh3 a4 41. Rb1 a3 42. Ra1 Rh6 43. Bxf5 Rxh2+ 44. Kg1 Rxe2 45. Rxa3 Kf7 46. Ra5
Re3 47. g4 Nc6 48. Rxb5 Nd4 49. Rb4 Nxf5 50. Kf2 Re5 51. gxf5 Kf6 52. Kf3 Kxf5
53. Rb6 Rc5 54. Ke3 Ke5 55. Kd3 Kd5 56. Rh6 Rc8 57. Rh4 Rg8 58. Rc4 Rb8 59. Kc3
Kd6 60. Kb2 Kd5 61. Rc3 Kd4 62. Rc7 Kd5 63. Ka3 Ra8+ 64. Kb4 Rb8+ 65. Ka4 Ra8+
66. Kb4 Rb8+ 67. Kc3 Kd6 68. Rc4 Kd5 69. b4 Kd6 70. Kb3 Kd5 71. Rc1 Kd6 72. Rc5
Rg8 73. Kc4 Rh8 74. Kb5 Rb8+ 75. Ka5 Ra8+ 76. Kb5 Rb8+ 77. Ka4 Ra8+ 78. Kb3 Rg8
79. Rc4 Rb8 80. Ka4 Kd5 81. Rh4 Kc6 82. Rh6+ Kb7 83. Ka5 Rg8 84. Rh7+ Kb8 85.
b5 Rf8 86. Ka6 Rf6+ 87. b6 Rf8 88. Ra7 Rg8 89. Re7 Rh8 90. Re6 Rg8 91. b7 Rh8
92. Kb6 Rh6 93. Rc6 Rh8 94. Rc8+ Rxc8 95. bxc8=R+ Kxc8 1/2-1/2

[Event "OLOB 1920 Wiesbadener SV 1885 - FB Mör"]
[Site "?"]
[Date "2019.12.07"]
[Round "4.2"]
[White "Chojnacki, Krzysztof"]
[Black "Galdunts, Sergey"]
[Result "1/2-1/2"]
[WhiteElo "2375"]
[BlackElo "2415"]
[PlyCount "140"]
[EventDate "2019.??.??"]

1. d4 d6 2. e4 Nf6 3. Nc3 g6 4. Be3 c6 5. h3 Nbd7 6. f4 e5 7. Nf3 Qa5 8. Bd3 d5
9. fxe5 dxe4 10. exf6 exd3 11. O-O Nxf6 12. Ne5 Be7 13. Qxd3 Be6 14. Bg5 Nd5
15. Bxe7 Nxe7 16. Ne4 O-O 17. Nc5 Bf5 18. Qe3 Qc7 19. c4 b6 20. Ne4 Bxe4 21.
Qxe4 f6 22. Nf3 Nf5 23. Rfe1 Rad8 24. b3 Rf7 25. Qd3 Rfd7 26. Re4 Nxd4 27. Nxd4
f5 28. Rh4 Qe5 29. Qe2 Qxe2 30. Nxe2 Rd2 31. Kf1 Re8 32. Ng1 Red8 33. Rf4 Rd1+
34. Rxd1 Rxd1+ 35. Kf2 Rd2+ 36. Ne2 Rxa2 37. Rd4 Kg7 38. Rd6 c5 39. Kf3 Rb2 40.
Rd3 Kf7 41. Nf4 g5 42. Nd5 h5 43. h4 gxh4 44. Nc7 Kf6 45. Nb5 Kg5 46. Nxa7 h3
47. gxh3 h4 48. Nc6 Rh2 49. Ne5 Rxh3+ 50. Kg2 Rxd3 51. Nxd3 Kg4 52. Ne5+ Kf4
53. Nd7 Ke4 54. Nxb6 f4 55. Kf2 h3 56. Nd7 Kd4 57. Kf3 h2 58. Kg2 Ke3 59. Kxh2
f3 60. Nf6 f2 61. Ng4+ Ke2 62. Nxf2 Kxf2 63. Kh1 Kf1 64. Kh2 Kf2 65. Kh1 Ke2
66. Kg2 Kd3 67. Kf2 Kc3 68. Ke2 Kxb3 69. Kd2 Kxc4 70. Kc2 Kd4 1/2-1/2

[Event "OLOB 1920 Wiesbadener SV 1885 - FB Mör"]
[Site "?"]
[Date "2019.12.07"]
[Round "4.3"]
[White "Legde, Georg"]
[Black "Geske, Julian"]
[Result "1/2-1/2"]
[WhiteElo "2318"]
[BlackElo "2379"]
[PlyCount "58"]
[EventDate "2019.??.??"]

1. d4 d5 2. c4 c6 3. Nf3 Nf6 4. Nc3 dxc4 5. a4 Bf5 6. Nh4 Bc8 7. Nf3 Bf5 8. Nh4
e6 9. Nxf5 exf5 10. e3 Bb4 11. Bxc4 O-O 12. O-O Qe7 13. Qc2 g6 14. f3 Nbd7 15.
a5 c5 16. Bd2 Rac8 17. Qb3 a6 18. Kh1 Qd6 19. Rfd1 cxd4 20. exd4 Qxd4 21. Bf1
Nc5 22. Qa2 Qh4 23. Be1 Qg5 24. Rd4 Bxc3 25. Bxc3 Ne6 26. Rd6 Nh5 27. Qd5 Ng3+
28. hxg3 Qh6+ 29. Kg1 Qe3+ 1/2-1/2

[Event "OLOB 1920 Wiesbadener SV 1885 - FB Mör"]
[Site "?"]
[Date "2019.12.07"]
[Round "4.4"]
[White "Dubkov, Andrej"]
[Black "Dittmar, Peter"]
[Result "1/2-1/2"]
[WhiteElo "2340"]
[BlackElo "2219"]
[PlyCount "134"]
[EventDate "2019.??.??"]

1. c4 e6 2. Nc3 d5 3. d4 Nf6 4. cxd5 exd5 5. Bg5 c6 6. e3 Nbd7 7. Bd3 Be7 8. h3
Ne4 9. Bxe7 Qxe7 10. Bxe4 dxe4 11. Qg4 Nf6 12. Qxg7 Rg8 13. Qh6 Rxg2 14. Nge2
Rg6 15. Qh4 Be6 16. Nf4 Rg8 17. O-O-O Bf5 18. Rhg1 Bg6 19. Rg5 O-O-O 20. Re5
Qd6 21. Nxg6 hxg6 22. Nxe4 Nxe4 23. Qxe4 Rh8 24. h4 Qf6 25. Re7 Rxh4 26. Rxf7
Qxf7 27. Qxh4 Qxa2 28. Qg4+ Kc7 29. Qxg6 Rd5 30. Qb1 Qa6 31. Qh7+ Kb6 32. Qd3
Qa2 33. Qa3 Qc4+ 34. Qc3 Qa6 35. Rd3 Qa1+ 36. Kc2 Qf1 37. e4 Qe2+ 38. Rd2 Qxe4+
39. Qd3 Rxd4 40. Qxe4 Rxe4 41. Kd3 Re5 42. Rc2 Kc7 43. f4 Rd5+ 44. Ke4 Kd6 45.
Rh2 Rb5 46. Rh6+ Ke7 47. Rh2 Kf6 48. Rh6+ Kg7 49. Rh2 Kg6 50. Rd2 Kf6 51. Rd6+
Ke7 52. Rd2 Ke6 53. Rh2 Rb4+ 54. Kf3 Kf5 55. Rh5+ Kg6 56. Rh2 a5 57. Kg4 Rd4
58. Re2 a4 59. Re6+ Kf7 60. Re2 Kf6 61. Rh2 Kg6 62. Re2 Rb4 63. Rd2 Kf6 64.
Rd6+ Ke7 65. Rd2 Kf6 66. Rd6+ Ke7 67. Rd2 Kf6 1/2-1/2

[Event "OLOB 1920 Wiesbadener SV 1885 - FB Mör"]
[Site "?"]
[Date "2019.12.07"]
[Round "4.5"]
[White "Felgendreher, Heiko"]
[Black "Gottschalk, Jens"]
[Result "0-1"]
[WhiteElo "2187"]
[BlackElo "2270"]
[PlyCount "80"]
[EventDate "2019.??.??"]

1. e4 c5 2. Nf3 Nc6 3. d4 cxd4 4. Nxd4 Nf6 5. Nc3 e6 6. Ndb5 d6 7. Bf4 e5 8.
Bg5 a6 9. Na3 b5 10. Bxf6 gxf6 11. Nd5 f5 12. c3 Bg7 13. Bd3 Be6 14. Nxb5 axb5
15. Bxb5 Bd7 16. exf5 O-O 17. O-O f6 18. a4 Rb8 19. Qd3 Kh8 20. Ne3 Ne7 21.
Rfd1 Bh6 22. Nc4 d5 23. Qh3 Bg5 24. Bxd7 Qxd7 25. a5 Qb5 26. Nb6 Rfd8 27. b4 d4
28. cxd4 exd4 29. Re1 Nxf5 30. Rad1 Ng7 31. Qb3 Re8 32. g3 Rxe1+ 33. Rxe1 Bd2
34. Re7 Bxb4 35. Rd7 Qxa5 36. Qf7 Qg5 37. Nd5 Rf8 38. Qxf8+ Bxf8 39. Rd8 Ne6
40. f4 Qf5 0-1

[Event "OLOB 1920 Wiesbadener SV 1885 - FB Mör"]
[Site "?"]
[Date "2019.12.07"]
[Round "4.6"]
[White "Minor, Samuel"]
[Black "Boehmer, Christian"]
[Result "1-0"]
[WhiteElo "2247"]
[BlackElo "2152"]
[PlyCount "115"]
[EventDate "2019.??.??"]

1. e4 d6 2. d4 Nf6 3. Nc3 e5 4. Nf3 Nbd7 5. Bc4 Be7 6. O-O O-O 7. Re1 c6 8. a4
Qc7 9. b3 b6 10. Bb2 Bb7 11. Bd3 a6 12. Ne2 Rfe8 13. Ng3 Bf8 14. h3 g6 15. c4
Bg7 16. Qd2 Rad8 17. Rad1 Nf8 18. c5 dxc5 19. dxc5 b5 20. Bc3 Rd7 21. Qb2 Rde7
22. b4 N6d7 23. Bc2 bxa4 24. Bxa4 a5 25. bxa5 Nxc5 26. Bc2 Rd7 27. Qa3 Nfe6 28.
Rxd7 Nxd7 29. Bd3 Nec5 30. Bc4 Ba6 31. Qa2 Nf8 32. Bxa6 Nxa6 33. Qc4 Qb7 34.
Rd1 Nb8 35. Nf1 Bf6 36. Rd6 Nfd7 37. Ne3 Be7 38. Rd2 Bf8 39. a6 Qc7 40. Ra2 Qa7
41. Ng4 Bg7 42. Ng5 Re7 43. Qb4 Nc5 44. Qc4 Ncxa6 45. Nf3 Qb7 46. Bxe5 h5 47.
Rb2 Qc8 48. Nf6+ Kh8 49. Ng5 Nd7 50. Qxf7 Rxe5 51. Qxg6 Nxf6 52. Nf7+ Kg8 53.
Nxe5 Qe8 54. Rb6 Qxg6 55. Nxg6 Nc5 56. e5 Nfd7 57. Rxc6 Kf7 58. f4 1-0

[Event "OLOB 1920 Wiesbadener SV 1885 - FB Mör"]
[Site "?"]
[Date "2019.12.07"]
[Round "4.7"]
[White "Schaefer, Michael"]
[Black "Nehmert, Ulrich"]
[Result "1/2-1/2"]
[WhiteElo "2157"]
[BlackElo "2230"]
[PlyCount "35"]
[EventDate "2019.??.??"]

1. d4 d5 2. Nf3 Nf6 3. e3 c5 4. Bd3 Nc6 5. O-O Bg4 6. c3 e6 7. Nbd2 cxd4 8.
exd4 Bd6 9. Re1 Qc7 10. Nf1 a6 11. Bg5 O-O 12. Bh4 Rfe8 13. Bg3 e5 14. dxe5
Nxe5 15. Be2 Nxf3+ 16. Bxf3 Rxe1 17. Qxe1 Bxf3 18. gxf3 1/2-1/2

[Event "OLOB 1920 Wiesbadener SV 1885 - FB Mör"]
[Site "?"]
[Date "2019.12.07"]
[Round "4.8"]
[White "Bakiev, Diyor"]
[Black "Wohlfart, Paulus"]
[Result "1-0"]
[WhiteElo "2088"]
[BlackElo "2097"]
[PlyCount "65"]
[EventDate "2019.??.??"]

1. e4 c5 2. c3 d6 3. d4 Nf6 4. Bd3 g6 5. Nf3 Bg7 6. O-O O-O 7. h3 Nc6 8. Re1 e5
9. dxc5 dxc5 10. Bg5 Be6 11. Na3 Qc7 12. Bxf6 Bxf6 13. Bc4 Rad8 14. Qe2 Qe7 15.
Bxe6 Qxe6 16. Nc4 Bg7 17. Rad1 Ne7 18. b3 b5 19. Ne3 a6 20. c4 b4 21. Nd5 Nc6
22. Rd3 f5 23. Ng5 Qe8 24. Nc7 Qe7 25. Nge6 Nd4 26. Nxd4 Rxd4 27. Nd5 Qh4 28.
Rxd4 cxd4 29. exf5 Rxf5 30. g3 Qd8 31. Nxb4 e4 32. Qxe4 Qa5 33. Nc6 1-0

[Event "OLOB 1920 SG BW Stadtilm - SF Schöneck"]
[Site "?"]
[Date "2019.12.07"]
[Round "4.1"]
[White "Konopka, Michal"]
[Black "Kuznecovs, Nikita"]
[Result "0-1"]
[WhiteElo "2358"]
[BlackElo "2306"]
[PlyCount "84"]
[EventDate "2019.??.??"]

1. Nf3 Nf6 2. c4 e6 3. g3 d5 4. Bg2 dxc4 5. Qa4+ c6 6. Qxc4 b5 7. Qc2 Bb7 8.
Nc3 Nbd7 9. O-O Rc8 10. d3 Be7 11. a4 a6 12. e4 O-O 13. h3 Nc5 14. Rd1 b4 15.
Ne2 b3 16. Qd2 a5 17. Ned4 Ba6 18. Bf1 Qb6 19. Qc3 Nfd7 20. Be3 Rb8 21. Nd2 Bf6
22. Rdc1 Rfc8 23. Nc4 Bxc4 24. Qxc4 Qd8 25. Bd2 Nb6 26. Qxc5 Bxd4 27. Qxa5 Bxb2
28. Rab1 Bxc1 29. Bxc1 Ra8 30. Qe5 Nxa4 31. Rxb3 Ra5 32. Qa1 Nc5 33. Ra3 Nb3
34. Qc3 Rxa3 35. Bxa3 Nd4 36. Qc5 Rb8 37. Qh5 Rb5 38. Qd1 c5 39. Qc1 Qb6 40.
Kg2 h6 41. Qf4 Qa5 42. Bc1 Rb1 0-1

[Event "OLOB 1920 SG BW Stadtilm - SF Schöneck"]
[Site "?"]
[Date "2019.12.07"]
[Round "4.2"]
[White "Siebarth, Raiko"]
[Black "Marchio, Enrico"]
[Result "1-0"]
[WhiteElo "2306"]
[BlackElo "2308"]
[PlyCount "95"]
[EventDate "2019.??.??"]

1. e4 e6 2. d4 d5 3. Nd2 Nf6 4. e5 Nfd7 5. Bd3 c5 6. c3 Nc6 7. Ne2 cxd4 8. cxd4
f6 9. exf6 Nxf6 10. Nf3 Bd6 11. O-O Qc7 12. h3 O-O 13. Be3 e5 14. dxe5 Nxe5 15.
Nc3 Be6 16. Nb5 Qd7 17. Nxd6 Nxd3 18. Qxd3 Qxd6 19. Rad1 a6 20. Ng5 h6 21. Bc5
Qxc5 22. Nxe6 Qb4 23. Nxf8 Rxf8 24. Qd4 Qxd4 25. Rxd4 Rc8 26. Rfd1 Rc2 27. R1d2
Rc1+ 28. Kh2 Kf7 29. Rb4 b5 30. a4 Rc5 31. axb5 axb5 32. Rd3 Ne8 33. Rf3+ Ke7
34. h4 h5 35. Rf5 Nf6 36. f3 Rc4 37. Rxb5 Rxh4+ 38. Kg3 Rh1 39. Rg5 h4+ 40. Kf4
Kd6 41. Rb7 h3 42. gxh3 Rxh3 43. Rgxg7 Nh5+ 44. Kg4 Rh1 45. Rg6+ Kc5 46. b4+
Kc4 47. Rh6 Ng3 48. Rc6+ 1-0

[Event "OLOB 1920 SG BW Stadtilm - SF Schöneck"]
[Site "?"]
[Date "2019.12.07"]
[Round "4.3"]
[White "Heinatz, Thomas"]
[Black "George, Tom"]
[Result "1-0"]
[WhiteElo "2294"]
[BlackElo "2173"]
[PlyCount "95"]
[EventDate "2019.??.??"]

1. e4 e5 2. Bc4 Nf6 3. d3 Nc6 4. Nf3 Be7 5. O-O O-O 6. Re1 d6 7. c3 Na5 8. Bb5
a6 9. Ba4 c5 10. Nbd2 Bd7 11. Bc2 Rc8 12. Nf1 b5 13. Ne3 Re8 14. Bd2 Qc7 15. h3
Bf8 16. b4 cxb4 17. cxb4 Nc6 18. Bb3 Be6 19. Bxe6 Rxe6 20. Nd5 Qb7 21. Ng5 Ree8
22. Nxf6+ gxf6 23. Nf3 d5 24. Nh4 Nd4 25. Qg4+ Kh8 26. Re3 Bd6 27. Nf5 Nxf5 28.
Qxf5 Be7 29. Rg3 Rg8 30. Rxg8+ Rxg8 31. Rc1 dxe4 32. dxe4 Rd8 33. Bh6 Qd7 34.
Qf3 Qe6 35. Rc7 Bf8 36. Qh5 Bxh6 37. Qxh6 Rg8 38. a3 Rg6 39. Qf8+ Rg8 40. Qh6
Rg6 41. Qf8+ Rg8 42. Qxf7 Qxf7 43. Rxf7 a5 44. Rxf6 a4 45. Rb6 Rc8 46. Rxb5 Rc3
47. Rxe5 Rxa3 48. Ra5 1-0

[Event "OLOB 1920 SG BW Stadtilm - SF Schöneck"]
[Site "?"]
[Date "2019.12.07"]
[Round "4.4"]
[White "Schneider, Christian"]
[Black "Nazarenus, Moritz"]
[Result "1/2-1/2"]
[WhiteElo "2216"]
[BlackElo "2226"]
[PlyCount "74"]
[EventDate "2019.??.??"]

1. e4 c6 2. d4 d5 3. e5 Bf5 4. Nf3 e6 5. Be2 Nd7 6. Be3 h6 7. Nbd2 Ne7 8. O-O
Bh7 9. c4 Nf5 10. Qb3 Qb6 11. cxd5 Qxb3 12. Nxb3 Nxe3 13. fxe3 exd5 14. Ne1 Be7
15. Bd3 O-O 16. Bxh7+ Kxh7 17. Nd3 Kg8 18. Na5 Rab8 19. b4 Rfc8 20. Rfc1 f6 21.
exf6 Bxf6 22. Nc5 Nxc5 23. bxc5 Bd8 24. Nb3 Bg5 25. Rc3 Re8 26. Re1 Re6 27. Nd2
b6 28. Nf3 Bf6 29. cxb6 axb6 30. Rb1 Kh7 31. Kf2 Ra8 32. Rxb6 Rxa2+ 33. Kf1
Ra1+ 34. Kf2 Ra2+ 35. Kg3 Re2 36. Rbxc6 Rxc6 37. Rxc6 Rxe3 1/2-1/2

[Event "OLOB 1920 SG BW Stadtilm - SF Schöneck"]
[Site "?"]
[Date "2019.12.07"]
[Round "4.5"]
[White "Meyer, Kai-Christian"]
[Black "Siebarth, Marco"]
[Result "1-0"]
[WhiteElo "2218"]
[BlackElo "2020"]
[PlyCount "61"]
[EventDate "2019.??.??"]

1. c4 c6 2. Nf3 Nf6 3. g3 e6 4. Bg2 d5 5. b3 Nbd7 6. Bb2 Bd6 7. d4 Ne4 8. O-O
h5 9. Nbd2 h4 10. Nxh4 Rxh4 11. gxh4 Qxh4 12. Nf3 Qh5 13. Qd3 f6 14. h3 Nf8 15.
Nh2 Ng5 16. f4 Nf7 17. e4 dxe4 18. Qxe4 f5 19. Qe3 g5 20. fxg5 f4 21. Rxf4 Bxf4
22. Qxf4 Ng6 23. Qf6 Qxg5 24. Rf1 Qxf6 25. Rxf6 Nh4 26. Ng4 Nxg2 27. Kxg2 Bd7
28. Ba3 c5 29. Bxc5 b6 30. Ba3 Bc6+ 31. d5 1-0

[Event "OLOB 1920 SG BW Stadtilm - SF Schöneck"]
[Site "?"]
[Date "2019.12.07"]
[Round "4.6"]
[White "Mehlhorn, Uwe"]
[Black "Kirchner, Markus"]
[Result "1/2-1/2"]
[WhiteElo "2076"]
[BlackElo "2045"]
[PlyCount "69"]
[EventDate "2019.??.??"]

1. Nf3 f5 2. d3 Nf6 3. e4 d6 4. Nc3 g6 5. Be2 Bg7 6. O-O O-O 7. exf5 Bxf5 8. d4
c6 9. a4 Qc7 10. Re1 Re8 11. Bc4+ d5 12. Bd3 Bxd3 13. Qxd3 Nbd7 14. Re6 Nf8 15.
Re2 N8d7 16. g3 Nh5 17. Bg5 Qd6 18. Rae1 e5 19. dxe5 Nxe5 20. Nxe5 Rxe5 21.
Rxe5 Bxe5 22. Bd2 Rd8 23. Qe2 Bf6 24. Qg4 Ng7 25. h4 Qd7 26. Qxd7 Rxd7 27. Nd1
Nf5 28. Kg2 Kf7 29. Bf4 Nd4 30. c3 Nb3 31. Ne3 Nc5 32. Ra1 Nd3 33. Rb1 Nxf4+
34. gxf4 Bxh4 35. Rh1 1/2-1/2

[Event "OLOB 1920 SG BW Stadtilm - SF Schöneck"]
[Site "?"]
[Date "2019.12.07"]
[Round "4.7"]
[White "Mueller, Achim"]
[Black "Neubauer, Andreas"]
[Result "1-0"]
[WhiteElo "2094"]
[BlackElo "2164"]
[PlyCount "103"]
[EventDate "2019.??.??"]

1. e4 c5 2. Nf3 d6 3. d3 g6 4. g3 Bg7 5. Bg2 Nc6 6. O-O e5 7. c3 Nge7 8. Be3
O-O 9. Qd2 Bg4 10. h3 Bxf3 11. Bxf3 f5 12. Bg2 Qd7 13. Na3 Rad8 14. Bg5 Rb8 15.
Be3 b6 16. c4 Nd4 17. Bxd4 cxd4 18. f3 h5 19. Nc2 Kh7 20. a4 Bh6 21. Qe2 Rf7
22. b4 Nc6 23. b5 Na5 24. Ra3 Rc8 25. Nb4 Be3+ 26. Kh1 f4 27. Nd5 Qd8 28. Qe1
Rc5 29. Ra2 Qg5 30. g4 hxg4 31. fxg4 Kg8 32. Bf3 Qd8 33. Rh2 Nxc4 34. dxc4 Rxc4
35. Qe2 Rc5 36. h4 Rh7 37. g5 Kg7 38. Bg4 Qh8 39. h5 Qd8 40. Nf6 Rh8 41. h6+
Kf8 42. Qa2 d3 43. Nd7+ Ke8 44. Qe6+ Qe7 45. Qxg6+ Kd8 46. Nxc5 bxc5 47. Qf5
Kc7 48. g6 c4 49. g7 Rd8 50. Qe6 Qxe6 51. Bxe6 c3 52. Bb3 1-0

[Event "OLOB 1920 SV Empor Erfurt - SV Oberurse"]
[Site "?"]
[Date "2019.12.07"]
[Round "4.2"]
[White "Langheinrich, Ferenc"]
[Black "Heinz, Axel"]
[Result "1/2-1/2"]
[WhiteElo "2378"]
[BlackElo "2444"]
[PlyCount "71"]
[EventDate "2019.??.??"]

1. e4 e5 2. Nf3 Nc6 3. Bb5 a6 4. Bxc6 dxc6 5. O-O Qf6 6. d4 exd4 7. Qxd4 Qxd4
8. Nxd4 Bd7 9. Be3 O-O-O 10. Nc3 Re8 11. Rfe1 Bb4 12. Bd2 Ne7 13. a3 Bd6 14. e5
Bc5 15. Nf3 Ng6 16. Ne4 Be7 17. Bc3 Bg4 18. Nfg5 Bxg5 19. Nxg5 h6 20. Ne4 Nf4
21. f3 Bf5 22. b3 Rd8 23. Kf2 Rhe8 24. Rac1 b6 25. b4 Rd5 26. g4 Bxe4 27. Rxe4
g5 28. h4 Red8 29. hxg5 hxg5 30. Ree1 Kd7 31. Rh1 Ke7 32. Rh6 Ne6 33. Rhh1 Nf4
34. Rh6 Ne6 35. Rhh1 R8d7 36. Ke3 1/2-1/2

[Event "OLOB 1920 SV Empor Erfurt - SV Oberurse"]
[Site "?"]
[Date "2019.12.07"]
[Round "4.3"]
[White "Dubiel, Jacek"]
[Black "Urban, Lars"]
[Result "1-0"]
[WhiteElo "2415"]
[BlackElo "2178"]
[PlyCount "131"]
[EventDate "2019.??.??"]

1. e4 e6 2. d4 d5 3. Nc3 Nf6 4. Bg5 Bb4 5. exd5 Qxd5 6. Bxf6 gxf6 7. Qd2 Bxc3
8. bxc3 Nc6 9. Nf3 e5 10. dxe5 Qxd2+ 11. Kxd2 fxe5 12. Nxe5 Nxe5 13. Re1 Be6
14. Rxe5 O-O-O+ 15. Bd3 Bxa2 16. Ra1 Bd5 17. Rxa7 Kb8 18. Ra4 Bxg2 19. Rh4 Rd6
20. Ke3 Rf6 21. Rf4 Rh6 22. h4 Bc6 23. Re7 Bd5 24. Bc4 Bxc4 25. Rxc4 c5 26.
Rxf7 Re8+ 27. Kf3 Re5 28. Rg4 Reh5 29. Rgg7 Rxh4 30. Rxb7+ Ka8 31. Rbe7 Rh3+
32. Kg2 Rh2+ 33. Kf3 R2h3+ 34. Kg2 Rh2+ 35. Kf1 Rb6 36. Rg8+ Rb8 37. Rxb8+ Kxb8
38. Re5 Kc7 39. Rxc5+ Kd6 40. Rg5 Rh3 41. Rg3 Rh1+ 42. Ke2 Rc1 43. Kd3 Rd1+ 44.
Ke4 Rf1 45. f4 Rf2 46. Kf5 Rxc2 47. Kf6 Kd5 48. f5 Ra2 49. Rd3+ Kc4 50. Rd7 h5
51. Kg5 Ra5 52. Rh7 Kxc3 53. Rxh5 Kd4 54. Rh1 Ke5 55. Re1+ Kd6 56. Kg6 Kd7 57.
f6 Ra2 58. f7 Rf2 59. Kg7 Rg2+ 60. Kf8 Kd8 61. Rd1+ Kc8 62. Rd4 Kc7 63. Ke7
Re2+ 64. Kf6 Rf2+ 65. Ke6 Kc8 66. Rd5 1-0

[Event "OLOB 1920 SV Empor Erfurt - SV Oberurse"]
[Site "?"]
[Date "2019.12.07"]
[Round "4.4"]
[White "Jacobi, Robin"]
[Black "Akbarinia, Sayed Arash"]
[Result "1/2-1/2"]
[WhiteElo "2264"]
[BlackElo "2369"]
[PlyCount "63"]
[EventDate "2019.??.??"]

1. Nf3 d5 2. g3 g6 3. d4 Bg7 4. Bg2 Nh6 5. Bxh6 Bxh6 6. O-O O-O 7. c4 dxc4 8.
Na3 Be6 9. Qc2 c5 10. Rfd1 Qc8 11. d5 Bh3 12. Nxc4 Bxg2 13. Kxg2 Nd7 14. a4 Qc7
15. e4 Rad8 16. b3 Nb6 17. a5 Nc8 18. e5 b5 19. axb6 axb6 20. Rd3 Bg7 21. Rad1
b5 22. d6 exd6 23. Nxd6 Nxd6 24. exd6 Qc6 25. d7 c4 26. Rd6 Qc7 27. bxc4 bxc4
28. R1d5 c3 29. Nd4 Bxd4 30. Rxd4 f5 31. h4 Rf7 32. Rd3 1/2-1/2

[Event "OLOB 1920 SV Empor Erfurt - SV Oberurse"]
[Site "?"]
[Date "2019.12.07"]
[Round "4.5"]
[White "Stork, Oliver"]
[Black "Michalowski, Peter"]
[Result "1/2-1/2"]
[WhiteElo "2267"]
[BlackElo "2108"]
[PlyCount "107"]
[EventDate "2019.??.??"]

1. c4 e5 2. Nc3 Nf6 3. Nf3 Nc6 4. e4 Bc5 5. Nxe5 Nxe5 6. d4 Bxd4 7. Qxd4 d6 8.
Bg5 h6 9. Bh4 Be6 10. Be2 Ng6 11. Bg3 O-O 12. O-O Re8 13. c5 dxc5 14. Qxc5 c6
15. a4 Qb6 16. Qxb6 axb6 17. Bc7 Nd7 18. f4 Bb3 19. Bd1 Bxd1 20. Raxd1 Nc5 21.
f5 Ne5 22. Rd4 b5 23. axb5 f6 24. Bxe5 Rxe5 25. bxc6 bxc6 26. Kf2 Rb8 27. Rb1
Nb3 28. Rd6 Nc5 29. Rd4 Nb3 30. Rd3 Nc5 31. Re3 Rb4 32. Kf3 Nb3 33. Kf4 Nd2 34.
Rd1 Rxb2 35. Re2 Nc4 36. Rxb2 Nxb2 37. Rd7 Kf8 38. Rc7 Rc5 39. Ne2 Nd3+ 40. Ke3
Ne5 41. Nd4 Rc3+ 42. Kf4 Nd3+ 43. Kg4 Nc5 44. Nxc6 Nxe4 45. Kh5 Nd6 46. Kg6 Rc4
47. h3 Rc3 48. g4 Rc4 49. Kh7 Rc3 50. h4 Rc4 51. Rxg7 Rxc6 52. Rg8+ Kf7 53.
Rg7+ Kf8 54. Rg8+ 1/2-1/2

[Event "OLOB 1920 SV Empor Erfurt - SV Oberurse"]
[Site "?"]
[Date "2019.12.07"]
[Round "4.6"]
[White "Wiemers, Holger"]
[Black "Schlamp, Robert"]
[Result "0-1"]
[WhiteElo "2062"]
[BlackElo "2293"]
[PlyCount "62"]
[EventDate "2019.??.??"]

1. d4 Nf6 2. Bg5 e6 3. Nf3 Be7 4. Nbd2 d5 5. e3 Nbd7 6. Bd3 b6 7. e4 dxe4 8.
Nxe4 Bb7 9. Nxf6+ Bxf6 10. Bxf6 Qxf6 11. Bb5 c6 12. Be2 O-O 13. c3 c5 14. O-O
Rfd8 15. Qa4 cxd4 16. Qxd4 e5 17. Qh4 Bxf3 18. Qxf6 Nxf6 19. Bxf3 e4 20. Bd1
Rd2 21. Re1 Rxb2 22. f3 Re8 23. fxe4 Rxe4 24. Bb3 Kf8 25. Rxe4 Nxe4 26. Rd1 Nd2
27. c4 a5 28. Rc1 h6 29. c5 bxc5 30. h3 Rb1 31. Rxb1 Nxb1 0-1

[Event "OLOB 1920 SV Empor Erfurt - SV Oberurse"]
[Site "?"]
[Date "2019.12.07"]
[Round "4.7"]
[White "Weber, Samuel"]
[Black "Heinke, Jasper"]
[Result "1-0"]
[WhiteElo "2199"]
[BlackElo "2066"]
[PlyCount "61"]
[EventDate "2019.??.??"]

1. c4 Nf6 2. g3 e5 3. Bg2 d5 4. cxd5 Nxd5 5. Nc3 Nb6 6. Nf3 Nc6 7. O-O Be7 8.
d3 O-O 9. a3 Be6 10. b4 a5 11. b5 Nd4 12. Nxd4 exd4 13. Na4 Bd5 14. Bh3 c5 15.
bxc6 Bxc6 16. Nxb6 Qxb6 17. Qc2 Qb5 18. Bg4 Rfe8 19. Bf4 Ra6 20. Rfb1 Qd5 21.
Bf3 Qf5 22. Bxc6 Rxc6 23. Qa4 Bb4 24. axb4 g5 25. e4 dxe3 26. Bxe3 Rxe3 27.
fxe3 Qxd3 28. Re1 Rc2 29. Qe8+ Kg7 30. Rad1 Qc3 31. Rf1 1-0

[Event "OLOB 1920 SV Empor Erfurt - SV Oberurse"]
[Site "?"]
[Date "2019.12.07"]
[Round "4.8"]
[White "Reuter, Elisa"]
[Black "Neininger, Ralph"]
[Result "0-1"]
[WhiteElo "1850"]
[BlackElo "2119"]
[PlyCount "104"]
[EventDate "2019.??.??"]

1. e4 e6 2. d4 d5 3. Nc3 Bb4 4. e5 c5 5. a3 Bxc3+ 6. bxc3 Qc7 7. Qg4 f6 8. Qg3
fxe5 9. Qxe5 Qxe5+ 10. dxe5 Nc6 11. f4 Nge7 12. Nf3 O-O 13. Bd3 Bd7 14. O-O h6
15. g3 Be8 16. Rf2 Bg6 17. c4 Bxd3 18. cxd3 Rad8 19. Bd2 Nf5 20. Rb1 Rf7 21.
Rb5 Nfd4 22. Nxd4 Nxd4 23. Rb2 Nc6 24. Bc3 dxc4 25. dxc4 Rd3 26. Rbc2 Rfd7 27.
Rcd2 Kf7 28. Kf1 Rd8 29. Rxd3 Rxd3 30. Rc2 Nd4 31. Bxd4 Rxd4 32. Ke2 g5 33. Ke3
gxf4+ 34. gxf4 Kg6 35. Rg2+ Kf5 36. Rg7 Re4+ 37. Kd2 Rxf4 38. Rxb7 Rxc4 39.
Rxa7 Kxe5 40. Ra5 Kd5 41. Ra8 Rh4 42. Rd8+ Kc4 43. Rd6 Rxh2+ 44. Kd1 e5 45. Re6
Kd5 46. Re8 e4 47. Rd8+ Kc4 48. Re8 Kd3 49. Rd8+ Ke3 50. Rc8 Rd2+ 51. Kc1 Rd5
52. Rh8 h5 0-1

[Event "OLOB 1920 Bad Emstal/Wolfhagen - SV Med"]
[Site "?"]
[Date "2019.12.07"]
[Round "4.1"]
[White "Jakob, Matthias"]
[Black "Matviishen, Viktor"]
[Result "1/2-1/2"]
[WhiteElo "2103"]
[BlackElo "2492"]
[PlyCount "148"]
[EventDate "2019.??.??"]

1. d4 Nf6 2. Nc3 d5 3. Bf4 c5 4. e3 cxd4 5. exd4 a6 6. Nf3 Nc6 7. h3 Bf5 8. Bd3
Bxd3 9. Qxd3 e6 10. O-O Nb4 11. Qe2 Rc8 12. a3 Nc6 13. Qd3 Bd6 14. Bxd6 Qxd6
15. Ne2 O-O 16. c3 Ne4 17. Rfe1 f5 18. Nd2 Na5 19. Rab1 Rf6 20. f3 Nxd2 21.
Qxd2 f4 22. Nc1 Nc4 23. Qf2 Rcf8 24. Nd3 Rf5 25. Re2 R8f6 26. Rbe1 Rg5 27. b3
Nxa3 28. Nc5 Rgg6 29. Nxb7 Qc6 30. Nc5 Nb5 31. c4 dxc4 32. bxc4 Nc7 33. Re5 h6
34. Rb1 Rf8 35. Qc2 Rgf6 36. Ne4 R6f7 37. Rc5 Qd7 38. Qc3 Qd8 39. Rc6 Qa8 40.
Rcb6 Qd8 41. Rd6 Qc8 42. Rbb6 Rf5 43. Rdc6 Qd8 44. Rd6 Qh4 45. Rb7 R5f7 46. Qa5
Ne8 47. Rxf7 Kxf7 48. Rxa6 Nf6 49. Qc7+ Kg8 50. Nf2 Nh5 51. Rxe6 Ra8 52. Re1
Ng3 53. Qe5 Ra2 54. Nd3 Nh5 55. Re2 Ra1+ 56. Re1 Ra2 57. d5 Rd2 58. Qe8+ Kh7
59. Qe4+ g6 60. Qe7+ Qxe7 61. Rxe7+ Kg8 62. Ne1 Ng3 63. Re5 Kf7 64. Re6 Rd4 65.
Rc6 Rd1 66. Kf2 Rd2+ 67. Kg1 Nf5 68. Re6 g5 69. Re4 Nd6 70. Re6 Nxc4 71. Rxh6
Rxd5 72. h4 Rd1 73. Kf2 Rd2+ 74. Kg1 Rd1 1/2-1/2

[Event "OLOB 1920 Bad Emstal/Wolfhagen - SV Med"]
[Site "?"]
[Date "2019.12.07"]
[Round "4.2"]
[White "Frolov, Artur"]
[Black "Wehner, Janis"]
[Result "1/2-1/2"]
[WhiteElo "2417"]
[BlackElo "2118"]
[PlyCount "116"]
[EventDate "2019.??.??"]

1. e4 c5 2. Nf3 Nc6 3. d4 cxd4 4. Nxd4 Nf6 5. Nc3 e5 6. Ndb5 d6 7. Nd5 Nxd5 8.
exd5 Ne7 9. c3 Nf5 10. a4 Be7 11. Be2 O-O 12. O-O a6 13. Na3 b6 14. Nc4 Qc7 15.
a5 bxa5 16. Qa4 Bd7 17. Qxa5 Qb7 18. Rd1 Bb5 19. b3 Rfc8 20. Bg4 Bxc4 21. bxc4
g6 22. Qa4 Qc7 23. Qc2 Qd7 24. Ra4 Bd8 25. Bh6 Bb6 26. Rb1 Bc5 27. Rba1 Rcb8
28. h4 Qxa4 29. Rxa4 Nxh6 30. Bh3 Rb6 31. g4 Rab8 32. Ra2 Kg7 33. g5 Ng8 34.
Kg2 f5 35. h5 Ne7 36. Qa4 gxh5 37. Qd7 R6b7 38. Qe6 Rf8 39. Qh6+ Kg8 40. Qxh5
Ng6 41. Kh2 Rg7 42. Rxa6 e4 43. Qh6 f4 44. Ra2 Ne5 45. Be6+ Kh8 46. Qf6 Ng4+
47. Bxg4 Rxf6 48. Ra8+ Rg8 49. Rxg8+ Kxg8 50. gxf6 Kf7 51. Bf5 Bxf2 52. Bxe4 h6
53. Kh3 Kxf6 54. Kg4 Ke5 55. Bf3 Be1 56. Kh5 Bxc3 57. Kxh6 Kd4 58. Kg5 Ke3
1/2-1/2